| 000 | 00698nam a2200217 a 4500 | ||
|---|---|---|---|
| 999 |
_c11888 _d11888 |
||
| 001 | 11888 | ||
| 003 | BD-JhCC | ||
| 005 | 20201124083712.0 | ||
| 008 | 201124b2015 bg |||| ||a| 000 0 ben d | ||
| 035 | _a(BD-JhCC)11888 | ||
| 040 |
_aBD-JhCC _dBD-JhCC |
||
| 041 | _aben | ||
| 082 |
_a809.38762 _bDAS 2015 |
||
| 100 | _aদাস, রাজীব মণি | ||
| 245 |
_aসায়েন্স ফিকশন: _bমি. ব্রেইন / _cরাজীব মণি দাস। |
||
| 260 |
_aঢাকা: _bদি ইউনিভার্সেল একাডেমি; _c২০১৫. |
||
| 300 |
_a94 p. : _c22 cm. |
||
| 650 | _aScience fiction | ||
| 942 |
_2ddc _cBK |
||